01254nam a2200193Ia 4500001001100000003001000011008004100021040002500062041001600087100004500103245011500148250001100263260008500274300001200359500026600371501011400637520026600751650004301017A085-34621IT-CnALBA170116s9999||||xx |||||||||||||| ||und|| aIT-CnALBAcIT-CnALBA aPOLIGLOTTA  aBOSSUET JACQUES-BENIGNE VESCOVO DI MEAUX 0aOEUVRES DE MESSIRE JACQUES-BENIGNE BOSSUET. TOME XVI. LA TRADITION DEFENDUE SUR LA MATIERE DE LA COMMUNION...  a1a ed. a LIEGEbLIBRAIRES (LES) ASSOCIES c1768 [1° Ed.:1768 - Ed.Ling.Originale: 1768] a679 p.  aBIBLIOTECA CANONICO CHIESA. TRADIZIONE DELLA COMUNIONE SOTTO UNA SOLA SPECIE. NECESSITÀ DELLA TRADIZIONE. CONTINUITÀ. RICHIAMO AI PROTESTANTI SULLA ACCUSA DI IDOLATRIA. CULTO DELLE IMMAGINI. SALVEZZA DI GESÙ CRISTO. TRADIZIONE. DECRETO SULLA DISCIPLINA MO aSocietà San Paolo EM - Piazza San Paolo, 14 - 12051 ALBA (CN) (non commercial uses only) ® Copyright 2017 aBIBLIOTECA CANONICO CHIESA. TRADIZIONE DELLA COMUNIONE SOTTO UNA SOLA SPECIE. NECESSITÀ DELLA TRADIZIONE. CONTINUITÀ. RICHIAMO AI PROTESTANTI SULLA ACCUSA DI IDOLATRIA. CULTO DELLE IMMAGINI. SALVEZZA DI GESÙ CRISTO. TRADIZIONE. DECRETO SULLA DISCIPLINA MO aRACCOLTE DI CARATTERE GEN. IN ITALIANO